Statistiche per Gli stati più ricchi del mondo (PIL nominale)

Clicka qui per fare il quiz!

Statistiche generali

  • Questo quiz è stato fatto 74 volte
  • Il punteggio medio è 17 su 20

Statistiche sulle risposte

PIL nominale (mln. $US)Paese% Corretto
23.346.805Stati uniti
100%
2.058.330Canada
97%
16.911.593Cina
97%
2.936.702Francia
97%
4.912.147Giappone
97%
2.228.250Italia
97%
1.829.050Russia
97%
4.256.540Germania
95%
1.833.274Brasile
94%
1.322.740Spagna
94%
1.748.334Australia
91%
3.735.856India
91%
3.376.003Regno unito
91%
1.289.295Messico
89%
1.013.595Arabia saudita
80%
1.804.680Corea del sud
73%
841.209Svizzera
71%
1.040.166Indonesia
61%
841.969Paesi Bassi
56%
1.435.560Iran
45%

Distribuzione punteggi

Percentile per numero di risposta

Percentuale di utenti per punteggio

I tuoi punteggi nel tempo

Non hai fatto questo quiz